000
00297nam a2200109Ia 4500
008
240521s1999 xx 000 0 und d
041
_a
eng
100
_a
ROBINETTE G.
245
_a
LANDSCAPE PLANNING FOR ENERGY CONSERVATION.
260
_b
VAN NOSTRAND REINHOLD COMPANY LTD
_c
1999
300
_a
224
999
_c
1158049
_d
1158049